Psychological foundation of education A (Record no. 11282)

MARC details
000 -LEADER
fixed length control field 00485nam a22001817a 4500
005 - DATE AND TIME OF LATEST TRANSACTION
control field 20220518100528.0
008 - FIXED-LENGTH DATA ELEMENTS--GENERAL INFORMATION
fixed length control field 220518b ||||| |||| 00| 0 eng d
020 ## - INTERNATIONAL STANDARD BOOK NUMBER
International Standard Book Number 9789389904116
040 ## - CATALOGING SOURCE
Original cataloging agency IN-DiNC
Transcribing agency IN-DiNC
041 ## - LANGUAGE CODE
Language code of sung or spoken text Assamese
082 ## - DEWEY DECIMAL CLASSIFICATION NUMBER
Classification number 370.15
100 ## - MAIN ENTRY--PERSONAL NAME
Personal name Goswami Marami
Relator term Author
245 ## - TITLE STATEMENT
Title Psychological foundation of education A
Statement of responsibility, etc. by Marami Goswami
250 ## - EDITION STATEMENT
Edition statement 1st ed.
260 ## - PUBLICATION, DISTRIBUTION, ETC.
Place of publication, distribution, etc. Dibrugarh
Name of publisher, distributor, etc. Kangan Stationary stores
Date of publication, distribution, etc. 2020
300 ## - PHYSICAL DESCRIPTION
Extent 328p.
942 ## - ADDED ENTRY ELEMENTS (KOHA)
Source of classification or shelving scheme Dewey Decimal Classification
Koha item type Books
Holdings
Withdrawn status Lost status Source of classification or shelving scheme Damaged status Not for loan Collection code Home library Current library Shelving location Date acquired Cost, normal purchase price Total Checkouts Full call number Barcode Date last seen Date last checked out Copy number Price effective from Koha item type
    Dewey Decimal Classification     Education Naharkatiya College Library Naharkatiya College Library General Stacks 18/05/2022 250.00 12 370.15 28879 10/06/2025 26/03/2025 1 18/05/2022 Books
    Dewey Decimal Classification     Education Naharkatiya College Library Naharkatiya College Library General Stacks 18/05/2022 250.00 22 370.15 28880 22/04/2026 06/02/2026 2 18/05/2022 Books
    Dewey Decimal Classification     Education Naharkatiya College Library Naharkatiya College Library General Stacks 18/05/2022 250.00 9 370.15 28881 18/04/2023 28/03/2023 3 18/05/2022 Books

Naharkatiya College © 2020. All rights reserved.

Powered By